<?xml version="1.0" encoding="UTF-8"?><?xml-stylesheet type="text/xsl" href="static/style.xsl"?><OAI-PMH xmlns="http://www.openarchives.org/OAI/2.0/" xmlns:xsi="http://www.w3.org/2001/XMLSchema-instance" xsi:schemaLocation="http://www.openarchives.org/OAI/2.0/ http://www.openarchives.org/OAI/2.0/OAI-PMH.xsd"><responseDate>2026-04-13T05:55:35Z</responseDate><request verb="GetRecord" identifier="oai:www.recercat.cat:2072/64359" metadataPrefix="marc">https://recercat.cat/oai/request</request><GetRecord><record><header><identifier>oai:recercat.cat:2072/64359</identifier><datestamp>2024-12-13T10:14:41Z</datestamp><setSpec>com_2072_63437</setSpec><setSpec>com_2072_63434</setSpec><setSpec>com_2072_63412</setSpec><setSpec>com_2072_2015</setSpec><setSpec>col_2072_63438</setSpec></header><metadata><record xmlns="http://www.loc.gov/MARC21/slim" xmlns:dcterms="http://purl.org/dc/terms/" xmlns:xsi="http://www.w3.org/2001/XMLSchema-instance" xmlns:doc="http://www.lyncode.com/xoai" xsi:schemaLocation="http://www.loc.gov/MARC21/slim http://www.loc.gov/standards/marcxml/schema/MARC21slim.xsd">
   <leader>00925njm 22002777a 4500</leader>
   <datafield ind2=" " ind1=" " tag="042">
      <subfield code="a">dc</subfield>
   </datafield>
   <datafield ind2=" " ind1=" " tag="720">
      <subfield code="a">Pujol Matas, M. Cristina</subfield>
      <subfield code="e">author</subfield>
   </datafield>
   <datafield ind2=" " ind1=" " tag="520">
      <subfield code="a">El treball es proposa dur a terme un estudi descriptiu sobre la situació de l'avaluació interna a tres centres de secundària per tal de conèixer quina és la situació actual, quines actuacions es porten a terme explícitament o implícitament i quins beneficis se'n deriven o poden derivar-se'n, així com també quins són els problemes i reticències que comporta i els riscos que pot originar la posada en pràctica, tant conscientment com inconscient, d'aquesta avaluació interna.</subfield>
   </datafield>
   <datafield ind2=" " ind1=" " tag="520">
      <subfield code="a">El trabajo se propone llevar a cabo un estudio descriptivo sobre la situación de la evaluación interna en tres centros de secundaria para conocer cuál es la situación actual, qué actuaciones se llevan a cabo explícitamente o implícitamente y qué beneficios se derivan o pueden derivarse de ella, así como qué problemas y reticencias comporta y los riesgos que puede originar la puesta en práctica, tanto consciente como inconscientemente, de dicha evaluación interna.</subfield>
   </datafield>
   <datafield ind2=" " ind1=" " tag="520">
      <subfield code="a">This work aims to carry out a descriptive study about the situation of an internal evaluation in three secondary schools in order to find out what the current situation is, what actions are explicitly or implicitly carried out, and what benefits are derived or may be derived from it, as well as the problems and misgivings involved, and the risks that putting this internal evaluation into practice can bring about, whether consciously or unconsciously.</subfield>
   </datafield>
   <datafield ind1="8" ind2=" " tag="024">
      <subfield code="a">http://hdl.handle.net/10609/1100</subfield>
   </datafield>
   <datafield tag="653" ind2=" " ind1=" ">
      <subfield code="a">Educational Evaluation</subfield>
   </datafield>
   <datafield tag="653" ind2=" " ind1=" ">
      <subfield code="a">Statuatory Secondary Education</subfield>
   </datafield>
   <datafield tag="653" ind2=" " ind1=" ">
      <subfield code="a">Psychopedagogy</subfield>
   </datafield>
   <datafield tag="653" ind2=" " ind1=" ">
      <subfield code="a">Avaluació educativa</subfield>
   </datafield>
   <datafield tag="653" ind2=" " ind1=" ">
      <subfield code="a">Educació secundària obligatòria</subfield>
   </datafield>
   <datafield tag="653" ind2=" " ind1=" ">
      <subfield code="a">Psicopedagogia</subfield>
   </datafield>
   <datafield tag="653" ind2=" " ind1=" ">
      <subfield code="a">Evaluación educativa</subfield>
   </datafield>
   <datafield tag="653" ind2=" " ind1=" ">
      <subfield code="a">Educación secundaria obligatoria</subfield>
   </datafield>
   <datafield tag="653" ind2=" " ind1=" ">
      <subfield code="a">Psicopedagogía</subfield>
   </datafield>
   <datafield ind2="0" ind1="0" tag="245">
      <subfield code="a">Avaluació Interna als Centres de Secundària : Anàlisi de la situació actual : beneficis, problemes i riscos</subfield>
   </datafield>
</record></metadata></record></GetRecord></OAI-PMH>